Více neznamená lépe OECD tvrdí, že bez masivních dotací by byly ceny zemědělských produktů v EU o dost nižší

Kritika zavedeného systému dotácií a kvót v poľnohospodárskej politike Európskej únie zo strany OECD. Poľnohospodárska politika a reformy v poľnohospodárstve vo Francúzsku, Nemecku, Česku a Poľsku.

Salvato in:
Dettagli Bibliografici
Autore principale: Richterová, Monika
Altri autori: Syruček, Milan, Veselý, Josef
Natura: Capitolo di libro
Lingua:ceco
Soggetti:
Tags: Aggiungi Tag
Nessun Tag, puoi essere il primo ad aggiungerne!!

MARC

LEADER 00000naa a2200000 4500
001 r045881
005 20231004070519.4
041 0 |a cze 
044 |a CZ 
245 1 0 |a Více neznamená lépe  |b OECD tvrdí, že bez masivních dotací by byly ceny zemědělských produktů v EU o dost nižší  |c Monika Richterová, Milan Syruček, Josef Veselý 
520 |a Kritika zavedeného systému dotácií a kvót v poľnohospodárskej politike Európskej únie zo strany OECD. Poľnohospodárska politika a reformy v poľnohospodárstve vo Francúzsku, Nemecku, Česku a Poľsku. 
610 2 0 |a poľnohospodárstvo 
610 2 0 |a dotácie 
610 2 0 |a výrobky poľnohospodárske 
610 2 0 |a Európska únia 
610 2 0 |a kvóty 
610 2 0 |a politika poľnohospodárska 
610 2 0 |a Francúzsko 
610 2 0 |a Česko 
610 2 0 |a Poľsko 
100 1 |a Richterová, Monika 
700 1 |a Syruček, Milan 
700 1 |a Veselý, Josef